|
|
|
|
| LEADER |
00791cam a2200205 7i4500 |
| 001 |
0000017990 |
| 005 |
20170218090000.0 |
| 020 |
|
|
|a 9676114251 (pbk.)
|
| 020 |
|
|
|a 9789676114259 (pbk.)
|
| 090 |
0 |
0 |
|a PN4121
|b .A76 2003
|
| 100 |
0 |
|
|a Arshad Md. Ghaus
|
| 245 |
1 |
0 |
|a Teknik pengucapan berkesan
|c Arshad Md. Ghaus.
|
| 260 |
|
|
|a Kuala Lumpur:
|b Utusan Pub. & Dis. Sdn. Bhd.,
|c 2003.
|
| 300 |
|
|
|a xii, 78 p.;
|c 20 cm.
|
| 490 |
0 |
|
|a Siri motivasi dan kecemerlangan Utusan
|
| 650 |
0 |
0 |
|a Oral communications --
|x Technique
|
| 650 |
0 |
0 |
|a Public speaking --
|x Technique
|
| 997 |
|
|
|a Communication, Visual Art & Computing, Faculty
|b Communication, Department
|
| 999 |
|
|
|a 0000047469
|b BOK
|c OPEN SHELF
|e 1st Floor, Shah Alam
|
| 999 |
|
|
|a MRA0000182
|b BOK
|c MOHD RAZALI AGUS COLLECTION
|e Ground Floor, Bestari Jaya
|